Sports Quiz

Random Sports or Logo Quiz
Score 0/24 Timer 05:00
0 Plays Today
% Correct
Dallas Cowboys
95.5%
Green Bay Packers
94.4%
St. Louis Cardinals
93.9%
Miami Dolphins
93.2%
Cleveland Browns
92%
Detroit Lions
91.5%
Minnesota Vikings
91.3%
Chicago Cubs
91.2%
Los Angeles Chargers
86.7%
Cincinnati Bengals
85.5%
Indiana Pacers
85.3%
Baltimore Orioles
83.6%
% Correct
Brooklyn Nets
82.9%
San Francisco Giants
82.3%
Dallas Mavericks
80.8%
New York Rangers
79.9%
Washington Nationals
76.6%
Houston Astros
76.6%
Washington Capitals
75.7%
Chicago White Sox
73.5%
Los Angeles Clippers
71.7%
Anaheim Ducks
68%
Buffalo Sabres
66.4%
Columbus Blue Jackets
57.7%
Remove Ads.
Support Sporcle.
Get the best of Sporcle when you Go Orange. This ad-free experience offers more features, more stats, and more fun while also helping to support Sporcle. Thank you for becoming a member.

You're not logged in!

Compare scores with friends on all Sporcle quizzes.
OR
Log In

Show Comments

Extras

Top Quizzes Today


Score Distribution

Your Account Isn't Verified!

In order to create a playlist on Sporcle, you need to verify the email address you used during registration. Go to your Sporcle Settings to finish the process.

Report this User

Report this user for behavior that violates our Community Guidelines.

Details: